[Event "ESP-ch U18"]
[Site "Salobrena"]
[Date "2023.08.05"]
[Round "9"]
[White "Palomares Cortez, Facundo Sebast"]
[Black "Neagu, Roberto Florin"]
[Result "0-1"]
[WhiteElo "1768"]
[BlackElo "2304"]
[PlyCount "104"]
[EventDate "2023.07.31"]
[EventType "swiss"]
[EventRounds "9"]
[EventCountry "ESP"]
[SourceTitle "CBM 215 Extra"]
[Source "ChessBase"]
[SourceDate "2023.09.30"]
[SourceVersion "1"]
[SourceVersionDate "2023.09.30"]
[SourceQuality "1"]

1. e4 c5 2. Nf3 Nc6 3. d4 cxd4 4. Nxd4 Nf6 5. Nc3 e5 6. Ndb5 d6 7. Bg5 a6 8. Na3 b5 9. Nd5 Be7 10. Bxf6 Bxf6 11. c3 0-0 12. Nc2 Bg5 13. a4 bxa4 14. Rxa4 a5 15. Bc4 Bd7 16. Ra1 Ne7 17. Nce3 Bxe3 18. Nxe3 Be6 19. 0-0 Qc7 20. Bxe6 fxe6 21. Qb3 Rf6 22. Rfd1 Rb8 23. Qa3 Nc8 24. Qxa5 Qxa5 25. Rxa5 Rxb2 26. Ra8 Rf8 27. f3 Rb6 28. Kf2 Rc6 29. c4 Nb6 30. Rxf8+ Kxf8 31. Ke2 Ke7 32. Kd3 Na4 33. Rb1 Nc5+ 34. Kc2 Ra6 35. Nd1 Ra4 36. Nb2 Ra3 37. Nd1 Ra2+ 38. Rb2 Ra4 39. Ne3 h5 40. h4 Ra3 41. Nd1 Ra4 42. Ne3 Ra8 43. Nd1 Rf8 44. Nf2 Rf4 45. Nd3 Nxd3 46. Kxd3 Rxh4 47. Rb7+ Kf6 48. Rd7 Rh1 49. Kc2 Rh2 50. Rxd6 Rxg2+ 51. Kd1 Ke7 52. Rd3 h4 0-1

[Event "ESP-ch U18"]
[Site "Salobrena"]
[Date "2023.08.03"]
[Round "6"]
[White "Lemeshev, Ilya"]
[Black "Palomares Cortez, Facundo Sebast"]
[Result "1-0"]
[WhiteElo "2148"]
[BlackElo "1768"]
[PlyCount "81"]
[EventDate "2023.07.31"]
[EventType "swiss"]
[EventRounds "9"]
[EventCountry "ESP"]
[SourceTitle "CBM 215 Extra"]
[Source "ChessBase"]
[SourceDate "2023.09.30"]
[SourceVersion "1"]
[SourceVersionDate "2023.09.30"]
[SourceQuality "1"]

1. e4 e5 2. Nf3 Nc6 3. Bc4 Bc5 4. c3 Nf6 5. d4 exd4 6. e5 d5 7. Be2 Ne4 8. cxd4 Bb6 9. Nc3 0-0 10. 0-0 h6 11. Be3 Bf5 12. h3 f6 13. exf6 Rxf6 14. Na4 Rg6 15. Kh1 Qe7 16. Nxb6 axb6 17. Bf4 Rf8 18. Bh2 Be6 19. Qd3 Bf5 20. Qd1 Be6 21. Qe1 Rgf6 22. Be5 R6f7 23. Kh2 g5 24. Nd2 Nxe5 25. Nxe4 Ng6 26. Bh5 Bf5 27. Ng3 Qd6 28. Qd2 Rf6 29. Bxg6 Bxg6 30. Rae1 Be8 31. f3 Bb5 32. Rg1 c5 33. Re5 Rf4 34. Rge1 cxd4 35. Re6 Qc7 36. Rxh6 d3 37. Ree6 d4 38. Reg6+ Kf7 39. Rh7+ Kxg6 40. Rxc7 Re8 41. a4 1-0

[Event "ESP-ch U18"]
[Site "Salobrena"]
[Date "2023.08.02"]
[Round "5"]
[White "Palomares Cortez, Facundo Sebast"]
[Black "Coll Fullana, Pau"]
[Result "1-0"]
[WhiteElo "1768"]
[BlackElo "2018"]
[PlyCount "95"]
[EventDate "2023.07.31"]
[EventType "swiss"]
[EventRounds "9"]
[EventCountry "ESP"]
[SourceTitle "CBM 215 Extra"]
[Source "ChessBase"]
[SourceDate "2023.09.30"]
[SourceVersion "1"]
[SourceVersionDate "2023.09.30"]
[SourceQuality "1"]

1. e4 c6 2. d4 d5 3. Nc3 dxe4 4. Nxe4 Bf5 5. Ng3 Bg6 6. h4 h6 7. Nf3 Nd7 8. h5 Bh7 9. Bd3 Bxd3 10. Qxd3 e6 11. Bd2 Be7 12. 0-0-0 Ngf6 13. Ne4 Qc7 14. Nxf6+ Nxf6 15. Ne5 Bd6 16. f4 0-0-0 17. Qe2 c5 18. dxc5 Bxe5 19. Qxe5 Qxe5 20. fxe5 Nd7 21. Ba5 Rde8 22. c6 Nxe5 23. cxb7+ Kxb7 24. Bc3 Nc6 25. Rd7+ Kb6 26. Rxf7 e5 27. Rxg7 Rhg8 28. Rg6 Kc5 29. Rxh6 Rxg2 30. Rf6 Reg8 31. h6 Rg1+ 32. Rf1 Rxf1+ 33. Rxf1 Rh8 34. Rh1 Rh7 35. Rh5 Kd5 36. Kd2 Ke4 37. Ke2 Kf4 38. Bd2+ Kg4 39. Rg5+ Kh4 40. Rg7 Rh8 41. c3 Kh5 42. a4 a6 43. b4 e4 44. b5 axb5 45. axb5 Na5 46. Rc7 Kg6 47. c4 Kf5 48. Bxa5 1-0

[Event "ESP-ch U18"]
[Site "Salobrena"]
[Date "2023.07.31"]
[Round "1"]
[White "Palomares Cortez, Facundo Sebast"]
[Black "Jimenez Munoz, Nicolas"]
[Result "0-1"]
[WhiteElo "1768"]
[BlackElo "2204"]
[PlyCount "52"]
[EventDate "2023.07.31"]
[EventType "swiss"]
[EventRounds "9"]
[EventCountry "ESP"]
[SourceTitle "CBM 215 Extra"]
[Source "ChessBase"]
[SourceDate "2023.09.30"]
[SourceVersion "1"]
[SourceVersionDate "2023.09.30"]
[SourceQuality "1"]

1. e4 c5 2. Nf3 d6 3. d4 cxd4 4. Nxd4 Nf6 5. Nc3 e5 6. Nb3 Be7 7. Be3 0-0 8. f3 Be6 9. Qd2 a5 10. a4 Nc6 11. 0-0-0 Nb4 12. Qf2 d5 13. exd5 Nfxd5 14. Ne4 Qc7 15. Bc5 Rfc8 16. Kb1 Bxc5 17. Nbxc5 Bf5 18. Bc4 Bxe4 19. fxe4 Nf6 20. c3 Na6 21. Bxa6 bxa6 22. h3 Qe7 23. Nd3 Nxe4 24. Qe3 f5 25. Rhf1 Rab8 26. Kc1 Rxc3+ 0-1

[Event "Collado Villalba op 39th"]
[Site "Collado Villalba"]
[Date "2022.08.28"]
[Round "9"]
[White "Palomares Cortez, Facundo Sebast"]
[Black "Villar Piriz, Adrian"]
[Result "0-1"]
[WhiteElo "1717"]
[BlackElo "1820"]
[PlyCount "52"]
[EventDate "2022.08.20"]
[EventType "swiss"]
[EventRounds "9"]
[EventCountry "ESP"]
[SourceTitle "EXT 2023"]
[Source "ChessBase"]
[SourceDate "2022.10.05"]
[SourceVersion "1"]
[SourceVersionDate "2022.10.05"]
[SourceQuality "1"]

1. e4 e5 2. Nf3 Nc6 3. d4 exd4 4. Bc4 Nf6 5. e5 d5 6. Bb5 Ne4 7. Nxd4 Bd7 8. Bxc6 bxc6 9. 0-0 Bc5 10. f3 Ng5 11. Be3 Bb6 12. f4 Ne4 13. Nd2 Nxd2 14. Qxd2 0-0 15. c3 Qe7 16. Rae1 c5 17. Nf3 Bb5 18. Rf2 Rad8 19. f5 Qd7 20. Ng5 d4 21. cxd4 cxd4 22. Bf4 Qxf5 23. e6 fxe6 24. Nxe6 d3 25. Re5 Bxf2+ 26. Kxf2 Qxe5 0-1

[Event "Collado Villalba op 39th"]
[Site "Collado Villalba"]
[Date "2022.08.24"]
[Round "5"]
[White "Lacrosse, Marc"]
[Black "Palomares Cortez, Facundo Sebast"]
[Result "1/2-1/2"]
[WhiteElo "2023"]
[BlackElo "1717"]
[PlyCount "70"]
[EventDate "2022.08.20"]
[EventType "swiss"]
[EventRounds "9"]
[EventCountry "ESP"]
[SourceTitle "EXT 2023"]
[Source "ChessBase"]
[SourceDate "2022.10.05"]
[SourceVersion "1"]
[SourceVersionDate "2022.10.05"]
[SourceQuality "1"]

1. d4 Nf6 2. c4 e6 3. Nf3 Bb4+ 4. Bd2 Qe7 5. g3 Nc6 6. Nc3 Bxc3 7. Bxc3 Ne4 8. Rc1 d6 9. d5 Nxc3 10. Rxc3 Nb8 11. dxe6 fxe6 12. Bg2 Nd7 13. 0-0 0-0 14. Qd2 Nf6 15. Ng5 Rb8 16. Rd1 h6 17. Ne4 b6 18. Nxf6+ Rxf6 19. f4 a5 20. e4 e5 21. f5 Bb7 22. g4 Rff8 23. Rh3 Kf7 24. Rh5 Qf6 25. h4 Ke7 26. Bf3 Rh8 27. Kf2 Bc6 28. Rg1 Be8 29. g5 Qf8 30. gxh6 gxh6 31. f6+ Kd8 32. Rf5 Bd7 33. Rg6 Qf7 34. Rg7 Qf8 35. Rg6 Qf7 1/2-1/2

[Event "Collado Villalba op 39th"]
[Site "Collado Villalba"]
[Date "2022.08.22"]
[Round "3"]
[White "Garcia Fernandez, Jesus"]
[Black "Palomares Cortez, Facundo Sebast"]
[Result "0-1"]
[WhiteElo "1868"]
[BlackElo "1717"]
[PlyCount "92"]
[EventDate "2022.08.20"]
[EventType "swiss"]
[EventRounds "9"]
[EventCountry "ESP"]
[SourceTitle "EXT 2023"]
[Source "ChessBase"]
[SourceDate "2022.10.05"]
[SourceVersion "1"]
[SourceVersionDate "2022.10.05"]
[SourceQuality "1"]

1. d4 Nf6 2. c4 e6 3. Nf3 Bb4+ 4. Bd2 Qe7 5. a3 Bxd2+ 6. Nbxd2 d6 7. e3 e5 8. dxe5 dxe5 9. Be2 e4 10. Nd4 c5 11. Nb5 0-0 12. Qc2 b6 13. 0-0 Bb7 14. f4 exf3 15. Bxf3 Bxf3 16. Rxf3 Nc6 17. Raf1 Rfe8 18. Nc3 Rad8 19. Rxf6 gxf6 20. Nde4 Kh8 21. Nxf6 Qxe3+ 22. Kh1 Qh6 23. Nxe8 Rxe8 24. Nd5 Nd4 25. Qf2 Qg6 26. Re1 Rxe1+ 27. Qxe1 Qe6 28. Qh4 Nf5 29. Qf2 Qe4 30. h3 Kg7 31. Kg1 h5 32. Qf4 Qxf4 33. Nxf4 Ne3 34. b3 Kh6 35. Kf2 Nc2 36. Kg3 Kg5 37. h4+ Kh6 38. Nd5 Nxa3 39. Kf4 Nc2 40. Ke4 Na1 41. b4 cxb4 42. Nxb4 Nb3 43. Nc6 a5 44. Ne5 a4 45. Kd3 a3 46. Kc3 a2 0-1

[Event "Madrid Chamartin op 8th"]
[Site "Madrid"]
[Date "2019.09.09"]
[Round "1"]
[White "Palomares Cortez, Facundo Sebast"]
[Black "Martinez Fernandez, Raul"]
[Result "0-1"]
[WhiteElo "1636"]
[BlackElo "2172"]
[PlyCount "100"]
[EventDate "2019.09.09"]
[EventType "swiss"]
[EventRounds "9"]
[EventCountry "ESP"]
[SourceTitle "CBM 192 Extra"]
[Source "Chessbase"]
[SourceDate "2019.11.06"]
[SourceVersion "1"]
[SourceVersionDate "2019.11.06"]
[SourceQuality "1"]

1. e4 e5 2. Nf3 Nc6 3. Bc4 Nf6 4. d3 Bc5 5. Be3 Bb6 6. 0-0 d6 7. Nc3 Bg4 8. Na4 Ne7 9. Nxb6 axb6 10. Bg5 Qd7 11. Re1 h6 12. Bxf6 gxf6 13. c3 Ng6 14. d4 Rg8 15. Be2 Nf4 16. g3 Nh3+ 17. Kg2 0-0-0 18. a4 Nf4+ 19. Kg1 f5 20. exf5 e4 21. Ne5 Nxe2+ 22. Qxe2 dxe5 23. Qxe4 exd4 24. a5 Qxf5 25. axb6 Qxe4 26. Rxe4 cxb6 27. Ra8+ Kc7 28. Rxd8 Rxd8 29. cxd4 Bf3 30. Rf4 Bd5 31. Rf6 Rd6 32. Rf5 Kc6 33. h4 Kb5 34. g4 Kc4 35. f4 Kxd4 36. Re5 Re6 37. Rxe6 Bxe6 38. f5 Bxf5 39. gxf5 Ke5 40. f6 Kxf6 41. Kf2 Kf5 42. Kf3 h5 43. b3 b5 44. b4 b6 45. Ke3 Kg4 46. Kd4 f5 47. Kd5 f4 48. Kc6 f3 49. Kxb5 f2 50. Kxb6 f1Q 0-1

[Event "Collado Villalba op-B 36th"]
[Site "Collado Villalba"]
[Date "2019.08.30"]
[Round "8"]
[White "Fernandez Lopez, Jaime"]
[Black "Palomares Cortez, Facundo Sebast"]
[Result "0-1"]
[WhiteElo "1676"]
[BlackElo "1636"]
[PlyCount "86"]
[EventDate "2019.08.23"]
[EventType "swiss"]
[EventRounds "9"]
[EventCountry "ESP"]
[SourceTitle "CBM 192 Extra"]
[Source "Chessbase"]
[SourceDate "2019.11.06"]
[SourceVersion "1"]
[SourceVersionDate "2019.11.06"]
[SourceQuality "1"]

1. d4 d5 2. c4 dxc4 3. Nf3 a6 4. e3 b5 5. a4 c6 6. b3 cxb3 7. axb5 Qb6 8. Qxb3 Bb7 9. Nbd2 cxb5 10. Ba3 Nf6 11. Nc4 Qe6 12. Na5 Qxb3 13. Nxb3 e6 14. Bxf8 Rxf8 15. Nc5 Bc6 16. Ne5 Ke7 17. Nxc6+ Nxc6 18. Nxa6 Rfb8 19. Ra2 Rb6 20. Nb4 Rxa2 21. Nxa2 Ra6 22. Nc1 Ra1 23. Kd2 Ne4+ 24. Kc2 Nxf2 25. Rg1 b4 26. Be2 Ra3 27. Bf3 Rc3+ 28. Kd2 Na5 29. Rf1 Nc4+ 30. Ke2 Rc2+ 31. Ke1 Rxc1+ 32. Kxf2 Rxf1+ 33. Kxf1 Nxe3+ 34. Ke2 Nd5 35. Kd3 f5 36. Kc4 g5 37. Bxd5 exd5+ 38. Kxb4 h5 39. Kc3 f4 40. Kd3 Ke6 41. Ke2 Kf5 42. Kd3 g4 43. h3 f3 0-1

[Event "San Sebastian de los Reyes op 20th"]
[Site "San Sebastian"]
[Date "2018.12.04"]
[Round "4"]
[White "Palomares Cortez, Facundo Sebast"]
[Black "Montiel Miguelez, Manuel"]
[Result "0-1"]
[WhiteElo "1684"]
[BlackElo "1814"]
[PlyCount "94"]
[EventDate "2018.12.01"]
[EventType "swiss"]
[EventRounds "9"]
[EventCountry "ESP"]
[SourceTitle "CBM 187 Extra"]
[Source "ChessBase"]
[SourceDate "2018.11.04"]
[SourceVersion "1"]
[SourceVersionDate "2018.11.04"]
[SourceQuality "1"]

1. e4 c5 2. Nf3 d6 3. d4 cxd4 4. Nxd4 Nf6 5. Nc3 a6 6. Be2 e6 7. 0-0 Be7 8. Be3 Qc7 9. f4 Nbd7 10. Qe1 0-0 11. Qg3 Kh8 12. Rad1 b5 13. a3 Bb7 14. Bf3 Rac8 15. f5 e5 16. Nb3 Nb6 17. Bxb6 Qxb6+ 18. Qf2 Qc7 19. g4 Nd7 20. h4 Nb6 21. g5 Na4 22. f6 gxf6 23. gxf6 Rg8+ 24. Kh2 Bf8 25. Rg1 Bh6 26. Bg4 Bf4+ 27. Kh1 Nxc3 28. bxc3 Bxe4+ 29. Bf3 Qxc3 30. Nd2 Bxf3+ 31. Nxf3 Qxa3 32. Rd3 Qa2 33. Ng5 h6 34. Qe2 Qc4 35. Qh5 Bxg5 36. hxg5 Qe4+ 37. Rf3 Qg6 38. Rh3 Qe4+ 39. Rg2 Rg6 40. Kh2 Rxc2 41. Rhg3 Rxg2+ 42. Rxg2 Kh7 43. Qh3 Qf4+ 44. Kg1 Rxg5 45. Qd3+ e4 46. Qc2 Rxg2+ 47. Qxg2 Qg5 0-1

[Event "San Sebastian de los Reyes op 20th"]
[Site "San Sebastian"]
[Date "2018.12.03"]
[Round "3"]
[White "Vukotic Jovsic, Dragan"]
[Black "Palomares Cortez, Facundo Sebast"]
[Result "1-0"]
[WhiteElo "1935"]
[BlackElo "1684"]
[PlyCount "77"]
[EventDate "2018.12.01"]
[EventType "swiss"]
[EventRounds "9"]
[EventCountry "ESP"]
[SourceTitle "CBM 187 Extra"]
[Source "ChessBase"]
[SourceDate "2018.11.04"]
[SourceVersion "1"]
[SourceVersionDate "2018.11.04"]
[SourceQuality "1"]

1. d4 Nf6 2. Bf4 e6 3. Nf3 c5 4. e3 d5 5. c3 a6 6. Bd3 Nc6 7. Nbd2 Bd6 8. Ne5 Qc7 9. Ndf3 h6 10. g4 g5 11. Bg3 Ne4 12. Bxe4 dxe4 13. Nd2 Nxe5 14. dxe5 Bxe5 15. Nxe4 Ke7 16. Qf3 Bd7 17. Qf6+ Bxf6 18. Bxc7 Bc6 19. Bd6+ Kd7 20. Nxf6+ Kxd6 21. 0-0 Ke5 22. Nh5 Bf3 23. h3 Rad8 24. Kh2 f5 25. Kg3 fxg4 26. hxg4 Rhf8 27. Rfb1 b6 28. a4 Rd7 29. Ra3 Ke4 30. Rb3 Rb7 31. c4 a5 32. Rc1 e5 33. Re1 Rff7 34. Kh3 Be2 35. Rxe2 Kf3 36. Ng3 e4 37. Rc2 Rbd7 38. Nf1 Rd1 39. Nh2# 1-0

[Event "San Sebastian de los Reyes op 20th"]
[Site "San Sebastian"]
[Date "2018.12.02"]
[Round "2"]
[White "Palomares Cortez, Facundo Sebast"]
[Black "Garcia Estebanez, Diego"]
[Result "1-0"]
[WhiteElo "1684"]
[BlackElo "1168"]
[PlyCount "27"]
[EventDate "2018.12.01"]
[EventType "swiss"]
[EventRounds "9"]
[EventCountry "ESP"]
[SourceTitle "CBM 187 Extra"]
[Source "ChessBase"]
[SourceDate "2018.11.04"]
[SourceVersion "1"]
[SourceVersionDate "2018.11.04"]
[SourceQuality "1"]

1. e4 e5 2. Nf3 Nc6 3. Bc4 Nf6 4. Nc3 Bc5 5. d3 d6 6. h3 0-0 7. Bg5 Nd4 8. Nd5 c6 9. Nxf6+ gxf6 10. Bh6 Re8 11. Nxd4 Bxd4 12. Qf3 Kh8 13. Bxf7 Re7 14. Qxf6# 1-0

[Event "Madrid Chamartin op 7th"]
[Site "Madrid"]
[Date "2018.09.09"]
[Round "9"]
[White "Palomares Cortez, Facundo Sebast"]
[Black "Aziz Ortego, Omar Luis"]
[Result "1-0"]
[WhiteElo "1717"]
[BlackElo "2053"]
[PlyCount "145"]
[EventDate "2018.09.03"]
[EventType "swiss"]
[EventRounds "9"]
[EventCountry "ESP"]
[SourceTitle "CBM 187 Extra"]
[Source "ChessBase"]
[SourceDate "2018.11.04"]
[SourceVersion "1"]
[SourceVersionDate "2018.11.04"]
[SourceQuality "1"]

1. e4 e5 2. Nf3 Nc6 3. Bc4 Nf6 4. d3 Be7 5. Be3 d6 6. c3 Na5 7. Bb5+ c6 8. Ba4 b5 9. Bc2 c5 10. h3 a6 11. Nbd2 0-0 12. 0-0 Bb7 13. Qe2 Rc8 14. Rac1 Re8 15. d4 Nc6 16. d5 Nb8 17. b4 Nbd7 18. Nb3 c4 19. Na5 Qc7 20. a4 Ra8 21. Nh4 Nxd5 22. exd5 Bxh4 23. Qh5 g6 24. Qxh4 Bxd5 25. Rcd1 Be6 26. axb5 axb5 27. Be4 Ra6 28. Bb7 Rxa5 29. bxa5 Qxb7 30. Rxd6 Bf5 31. a6 Qc7 32. Rd2 Bd3 33. Ra1 Nc5 34. a7 Ra8 35. Bh6 Ne6 36. Rda2 Qd8 37. Qxd8+ Nxd8 38. Ra6 f5 39. Rb6 Kf7 40. Rb8 Be4 41. Rd1 Ne6 42. f3 Rxa7 43. fxe4 Ra3 44. Rd7+ Kf6 45. Bd2 Nf4 46. Bxf4 exf4 47. exf5 Rxc3 48. Rxb5 Rg3 49. Kf2 gxf5 50. Rc5 c3 51. Rdc7 h5 52. Rxc3 Rg8 53. Rc8 Rg7 54. R3c7 Rg3 55. Rc3 Rg7 56. R3c5 f3 57. Kxf3 Kg5 58. Rb8 Kh4 59. Rb4+ Kg5 60. h4+ Kg6 61. Rb6+ Kh7 62. Rcc6 Ra7 63. Kf4 Ra4+ 64. Kxf5 Ra5+ 65. Kf6 Ra7 66. Ke6 Rg7 67. Kd5 Rd7+ 68. Kc5 Re7 69. Rh6+ Kg7 70. Rbg6+ Kf8 71. Rh8+ Kf7 72. Rh7+ Kxg6 73. Rxe7 1-0

[Event "Madrid Chamartin op 7th"]
[Site "Madrid"]
[Date "2018.09.07"]
[Round "7"]
[White "Palomares Cortez, Facundo Sebast"]
[Black "Calvo de Castro, Miguel"]
[Result "1-0"]
[WhiteElo "1717"]
[BlackElo "1823"]
[PlyCount "55"]
[EventDate "2018.09.03"]
[EventType "swiss"]
[EventRounds "9"]
[EventCountry "ESP"]
[SourceTitle "CBM 187 Extra"]
[Source "ChessBase"]
[SourceDate "2018.11.04"]
[SourceVersion "1"]
[SourceVersionDate "2018.11.04"]
[SourceQuality "1"]

1. e4 c5 2. Nf3 Nc6 3. Nc3 g6 4. d4 cxd4 5. Nxd4 Bg7 6. Be3 Nf6 7. Nxc6 bxc6 8. e5 Nd5 9. Nxd5 cxd5 10. Qxd5 Rb8 11. Bc4 0-0 12. Bxa7 Rb4 13. Bd4 Qc7 14. Bb3 Qb8 15. 0-0 d6 16. Rad1 dxe5 17. Bc3 Rb5 18. Qc6 Bg4 19. f3 Rc8 20. Qa6 Bf5 21. g4 Rb6 22. Qe2 Rxb3 23. axb3 Be6 24. Rfe1 f6 25. h3 Bh6 26. Qe4 Qa7+ 27. Kg2 Bd7 28. Qd5+ 1-0

[Event "Madrid Chamartin op 7th"]
[Site "Madrid"]
[Date "2018.09.05"]
[Round "4"]
[White "Vaquerizo Calvo, Miguel Arturo"]
[Black "Palomares Cortez, Facundo Sebast"]
[Result "1-0"]
[WhiteElo "1946"]
[BlackElo "1717"]
[PlyCount "53"]
[EventDate "2018.09.03"]
[EventType "swiss"]
[EventRounds "9"]
[EventCountry "ESP"]
[SourceTitle "CBM 187 Extra"]
[Source "ChessBase"]
[SourceDate "2018.11.04"]
[SourceVersion "1"]
[SourceVersionDate "2018.11.04"]
[SourceQuality "1"]

1. e4 c5 2. Nc3 e6 3. Nf3 Nc6 4. d4 cxd4 5. Nxd4 a6 6. Qd3 Nf6 7. Nxc6 bxc6 8. Qg3 d5 9. Bd3 d4 10. Ne2 c5 11. e5 Nd5 12. 0-0 Bb7 13. Nf4 Qc7 14. Nxd5 Bxd5 15. b3 Qa5 16. Bb2 g6 17. c3 Rd8 18. cxd4 cxd4 19. Bxd4 Bg7 20. Bc3 Qa3 21. Qg4 Bxg2 22. Qxg2 Rxd3 23. Qc6+ Ke7 24. Qb7+ Rd7 25. Bb4+ Ke8 26. Qc8+ Rd8 27. Qc6+ 1-0

[Event "Collado Villalba op-B 35th"]
[Site "Collado Villalba"]
[Date "2018.08.30"]
[Round "7"]
[White "Palomares Cortez, Facundo Sebast"]
[Black "Castro Uceda, Jose Antonio"]
[Result "0-1"]
[WhiteElo "1486"]
[BlackElo "1569"]
[PlyCount "74"]
[EventDate "2018.08.24"]
[EventType "swiss"]
[EventRounds "9"]
[EventCountry "ESP"]
[SourceTitle "CBM 186 Extra"]
[Source "ChessBase"]
[SourceDate "2018.08.24"]
[SourceVersion "1"]
[SourceVersionDate "2018.08.24"]
[SourceQuality "1"]

1. e4 c5 2. Nf3 d6 3. d4 cxd4 4. Nxd4 Nf6 5. Nc3 a6 6. Be2 e6 7. 0-0 Be7 8. Be3 0-0 9. f4 Qc7 10. Kh1 Nbd7 11. Qe1 Nc5 12. Bf3 e5 13. fxe5 dxe5 14. Qg3 Rd8 15. Bh6 Bf8 16. Bg5 Be7 17. Bxf6 Bxf6 18. Nd5 Rxd5 19. exd5 Qd6 20. Nb3 e4 21. Nxc5 Qxc5 22. Bxe4 Qd4 23. Rf4 Qxb2 24. Raf1 Kh8 25. Rxf6 gxf6 26. Qc7 Kg7 27. Qg3+ Kh8 28. Qh4 f5 29. Qd8+ Kg7 30. Qg5+ Kh8 31. Bxf5 Bxf5 32. Qxf5 Rf8 33. d6 Qd4 34. Qd7 Qd5 35. Qe7 Rg8 36. Qf6+ Rg7 37. h3 Qxg2# 0-1

[Event "Collado Villalba op-B 35th"]
[Site "Collado Villalba"]
[Date "2018.08.29"]
[Round "6"]
[White "Lucia Carpintero, Oscar"]
[Black "Palomares Cortez, Facundo Sebast"]
[Result "1-0"]
[WhiteElo "1659"]
[BlackElo "1486"]
[PlyCount "53"]
[EventDate "2018.08.24"]
[EventType "swiss"]
[EventRounds "9"]
[EventCountry "ESP"]
[SourceTitle "CBM 186 Extra"]
[Source "ChessBase"]
[SourceDate "2018.08.24"]
[SourceVersion "1"]
[SourceVersionDate "2018.08.24"]
[SourceQuality "1"]

1. d4 Nf6 2. Bf4 e6 3. e3 c5 4. c3 d5 5. Nd2 Nc6 6. Bd3 b6 7. Ngf3 Bb7 8. Ne5 c4 9. Bc2 a6 10. Qf3 Bd6 11. Nxc6 Bxc6 12. Nxc4 Bxf4 13. exf4 Rc8 14. Ne5 Qe7 15. a4 b5 16. Nxc6 Rxc6 17. axb5 Rb6 18. Rxa6 Qb7 19. Rxb6 Qxb6 20. Bd3 0-0 21. 0-0 Ra8 22. f5 exf5 23. Qxf5 Qd6 24. Re1 Ra2 25. Qc8+ Qf8 26. Qxf8+ Kxf8 27. Rb1 1-0

[Event "Collado Villalba op-B 35th"]
[Site "Collado Villalba"]
[Date "2018.08.26"]
[Round "3"]
[White "Palomares Cortez, Facundo Sebast"]
[Black "Navas Hernando, Oscar"]
[Result "1-0"]
[WhiteElo "1486"]
[BlackElo "1790"]
[PlyCount "89"]
[EventDate "2018.08.24"]
[EventType "swiss"]
[EventRounds "9"]
[EventCountry "ESP"]
[SourceTitle "CBM 186 Extra"]
[Source "ChessBase"]
[SourceDate "2018.08.24"]
[SourceVersion "1"]
[SourceVersionDate "2018.08.24"]
[SourceQuality "1"]

1. e4 g6 2. d4 Bg7 3. c4 d6 4. Nc3 Nf6 5. h3 0-0 6. Nf3 e5 7. d5 Na6 8. Bd3 Nc5 9. b4 Nxd3+ 10. Qxd3 a5 11. b5 b6 12. Be3 Nh5 13. 0-0-0 Nf4 14. Bxf4 exf4 15. Rhe1 Re8 16. Ne2 Bd7 17. Ned4 Qf6 18. Rd2 Re7 19. Rde2 Rae8 20. Qc2 Bh6 21. a4 Qh8 22. Kd2 Bg7 23. Qd3 Bf6 24. Nc2 Qg7 25. Ncd4 Qf8 26. Nc2 Bg7 27. Nfd4 f5 28. exf5 Rxe2+ 29. Rxe2 Bxf5 30. Rxe8 Qxe8 31. Nxf5 gxf5 32. Qxf5 Be5 33. Ne1 Qe7 34. Nd3 Qh4 35. Qg4+ Qxg4 36. hxg4 Kf7 37. Nxe5+ dxe5 38. Kd3 Ke7 39. Ke4 Kd6 40. g5 Kc5 41. Kxe5 Kb4 42. Kd4 Kb3 43. c5 Kxa4 44. cxb6 cxb6 45. Kc4 1-0

[Event "Madrid San Viator op-B 29th"]
[Site "Madrid"]
[Date "2017.10.08"]
[Round "4"]
[White "Palomares Cortez, Facundo Sebast"]
[Black "Moreno Payo, Jesus"]
[Result "1/2-1/2"]
[WhiteElo "1360"]
[BlackElo "1094"]
[PlyCount "57"]
[EventDate "2017.09.17"]
[EventType "swiss"]
[EventRounds "9"]
[EventCountry "ESP"]
[SourceTitle "EXT 2019"]
[Source "ChessBase"]
[SourceDate "2018.10.10"]
[SourceVersion "1"]
[SourceVersionDate "2018.10.10"]
[SourceQuality "1"]

1. e4 e5 2. Nf3 Nc6 3. Bc4 Nf6 4. d3 Bc5 5. Bg5 0-0 6. 0-0 Na5 7. Nxe5 Nxc4 8. Nxc4 Be7 9. Nc3 Nxe4 10. Bxe7 Nxc3 11. Qe1 Qe8 12. bxc3 d5 13. Bxf8 Qxf8 14. Ne3 Be6 15. Qd2 b5 16. Rfb1 c6 17. a4 Rb8 18. axb5 cxb5 19. Rxa7 f5 20. f4 Qf6 21. d4 g5 22. fxg5 Qxg5 23. Nf1 f4 24. Re1 Bh3 25. Ng3 Bxg2 26. Kxg2 f3+ 27. Kh3 Qxd2 28. Ree7 Qh6+ 29. Kg4 1/2-1/2

[Event "Madrid San Viator op-B 29th"]
[Site "Madrid"]
[Date "2017.09.17"]
[Round "1"]
[White "Merino Araguas, Jose Javier"]
[Black "Palomares Cortez, Facundo Sebast"]
[Result "1-0"]
[WhiteElo "1680"]
[BlackElo "1360"]
[PlyCount "147"]
[EventDate "2017.09.17"]
[EventType "swiss"]
[EventRounds "9"]
[EventCountry "ESP"]
[SourceTitle "EXT 2019"]
[Source "ChessBase"]
[SourceDate "2018.10.10"]
[SourceVersion "1"]
[SourceVersionDate "2018.10.10"]
[SourceQuality "1"]

1. d4 Nf6 2. c4 e6 3. Nf3 d5 4. Nc3 b6 5. Bg5 Be7 6. e3 0-0 7. Bd3 h6 8. Bh4 Bb7 9. 0-0 Nbd7 10. Rc1 c5 11. cxd5 Nxd5 12. Bxe7 Qxe7 13. Qe2 Rac8 14. Bb1 cxd4 15. Nxd5 Bxd5 16. exd4 Qb4 17. Qd2 Qxd2 18. Nxd2 Nf6 19. Rfd1 Rfd8 20. Rxc8 Rxc8 21. f3 Kf8 22. Kf2 Ke7 23. Nf1 Kd6 24. Ne3 Nd7 25. g3 f5 26. h4 Bb7 27. d5 exd5 28. Bxf5 Rc7 29. Be4 Nf6 30. Bb1 Ke5 31. Nf5 Ke6 32. Re1+ Kf7 33. a3 Bc8 34. Nd6+ Kf8 35. Nb5 Rc5 36. Nd4 Kf7 37. Ba2 a5 38. Rd1 Bd7 39. Rd2 Be6 40. Ne2 Ke7 41. Nf4 Kd6 42. Nd3 Rc7 43. Nf4 a4 44. Ne2 b5 45. Nc3 Rc5 46. g4 g5 47. hxg5 hxg5 48. Ne2 Nd7 49. Nc3 Ne5 50. Ne4+ Kc6 51. Nxc5 Kxc5 52. Rc2+ Nc4 53. b3 axb3 54. Bxb3 Kd4 55. a4 bxa4 56. Bxa4 Bf7 57. Re2 Kd3 58. Bb5 Bg6 59. Re6 Bf7 60. Rf6 Bg8 61. Rg6 Bf7 62. Rxg5 Kc3 63. Rg7 Be6 64. Re7 Bg8 65. Rg7 Be6 66. Re7 Bg8 67. g5 d4 68. Rc7 d3 69. Bxc4 Bxc4 70. Rxc4+ Kxc4 71. Ke1 Kd5 72. Kd2 Ke5 73. f4+ Kxf4 74. g6 1-0